Top 50 Largest Country First-Level Subdivisions by Area - Statistics

General Stats
  • This quiz has been taken 880 times
  • The average score is 24 of 50
Answer Stats
Country Area (km²) Subdivision % Correct
United States 1,717,854 Alaska
95%
United States 696,241 Texas
90%
Denmark 2,166,086 Greenland
88%
Australia 2,645,615 Western Australia
86%
United States 423,967 California
85%
Canada 1,542,056 Quebec
85%
Australia 1,851,856 Queensland
84%
Canada 1,076,395 Ontario
83%
Canada 944,735 British Columbia
80%
Australia 809,952 New South Wales
80%
Canada 661,848 Alberta
78%
Canada 2,038,722 Nunavut
77%
Canada 482,443 Yukon
77%
China 1,228,400 Tibet
75%
Canada 649,950 Manitoba
73%
Australia 1,419,630 Northern Territory
73%
Canada 1,346,106 Northwest Territories
73%
Australia 1,044,353 South Australia
72%
Canada 651,900 Saskatchewan
71%
Brazil 1,570,745 Amazonas
65%
China 1,183,000 Inner Mongolia
63%
China 1,664,897 Xinjiang Uyghur
55%
Russia 3,083,523 Sakha Republic
54%
Russia 472,300 Kamchatka Krai
46%
Russia 767,900 Irkutsk Oblast
41%
Russia 2,339,700 Krasnoyarsk Krai
40%
Brazil 906,807 Mato Grosso
39%
Saudi Arabia 672,522 Eastern Province
36%
Brazil 1,253,164 Pará
36%
China 485,000 Sichuan
36%
China 721,000 Qinghai
29%
Russia 461,400 Magadan Oblast
28%
Brazil 586,522 Minas Gerais
27%
Russia 750,300 Yamalo-NenetsAutonomous Okrug
27%
Brazil 564,273 Bahia
26%
Russia 737,700 ChukotkaAutonomous Okrug
26%
China 460,000 Heilongjiang
26%
Russia 415,900 Komi Republic
24%
Russia 587,400 Arkhangelsk Oblast
23%
China 454,000 Gansu
23%
Russia 788,600 Khabarovsk Krai
23%
Niger 667,799 Agadez Region
18%
Russia 534,800 Khanty-MansiAutonomous Okrug
18%
Mali 496,611 Tombouctou
18%
Egypt 440,098 New Valley Governorate
14%
Russia 431,500 Zabaykalsky Krai
13%
Kazakhstan 427,982 Karagandy Region
10%
Algeria 556,200 Tamanrasset
10%
Libya 479,160 Kufra
7%
Algeria 424,948 Adrar
6%
No matching quizzes found
Score Distribution
Percent of People with Each Score
Percentile by Number Answered
Your Score History
You have not taken this quiz